| 000 | 00602nam a2200217Ia 4500 | ||
|---|---|---|---|
| 003 | 0100 | ||
| 008 | 130307s9999 xx 000 0 und d | ||
| 020 | _a1841272671 | ||
| 040 | _cARRUPELIB | ||
| 100 | _aWesselius, Jan-Wim | ||
| 245 | 4 | _aThe origin of the history of Israel | |
| 245 | _bHerodotus's histories as Blueprint for the first books of the Bible | ||
| 260 | _aLondon | ||
| 260 | _bSheffield Academic Press | ||
| 260 | _c2002 | ||
| 300 | _a175p. | ||
| 300 | _b25cm. | ||
| 440 | _aJournal for the study of the Old Testament Supplement Series 345 | ||
| 650 | _aTHEOLOGY | ||
| 942 | 0 | 0 | _01 |
| 999 |
_c93752 _d93752 |
||